01142nam a2200325Ia 4500003000400000005001700004008004100021020001800062040001800080041000800098082001800106100003000124245006100154250001200215260004700227300003000274650001900304650002700323650004600350650003100396650002300427650003700450650002500487650003700512650003900549650004500588942003100633999001900664952013300683OSt20241024094109.0210716s2010 xx 000 0 und d a9788120332782 cAIMIT LIBRARY aeng a005.73 bPANR aPanneerselvam, R.9182988 aDesign and analysis of algorithms /cBy R Panneerselvam. a1st ed. aNew Delhi :bPHI Learning Pvt Ltd ,c2010. axiv,426 p.;bPBc24.3 cm. aGraphs9182989 aData structure9182990 aDistance based network algorithms9182991 aSorting algorithms9182992 aHeuristics9182993 aProbabilistic algorithms9182994 aCryptography9183041 aProbabilistic algorithms9183042 aBenchmarking of algorithms9183043 aAlgorithms to schedule processor9183044 2ddccBKe1st k005.73 PANR c191375d191375 001040708MCAaAIMITbAIMITeBiblios Book Pointg275.00l0o005.73 PANRpMCA10883r2026-05-23 00:00:00v206.25w2021-07-16yBK